[Event "21e tournoi de Noël"]
[Site "Montigny le Bretonneux"]
[Date "2021.12.28"]
[Round "4.14"]
[White "Plancade, Philajit"]
[Black "Couradin, Jean-Marie"]
[Result "1/2-1/2"]
[WhiteElo "1273"]
[BlackElo "1562"]
[Annotator "Rivier,Sylvain"]
[PlyCount "51"]
[EventDate "2021.??.??"]

{Défense Caro-Kann, variante d'échange} 1. e4 c6 2. d4 d5 3. exd5 cxd5 4. Bd3
Nc6 5. c3 Nf6 6. Nf3 Bg4 7. Nbd2 e6 8. O-O Bd6 9. Re1 O-O 10. Nf1 Qc7 11. Bg5
a6 12. Qc2 Ne4 13. Bxe4 dxe4 14. Qxe4 Bf5 15. Qe2 h6 16. Bh4 Ne7 17. Bg3 Nd5
18. Bxd6 Qxd6 19. Ng3 Bh7 20. Qe5 Qxe5 21. Nxe5 Rfd8 22. Rad1 b5 23. Ne4 Bxe4
24. Rxe4 Rac8 25. Rc1 a5 26. Nd3 1/2-1/2

[Event "21e tournoi de NoÃ«l"]
[Site "Montigny le Bretonneux"]
[Date "2021.12.28"]
[Round "4.15"]
[White "Longbien, Dominique"]
[Black "Bauchaire, Gerard"]
[Result "1-0"]
[WhiteElo "1417"]
[BlackElo "1248"]
[Annotator "Rivier,Sylvain"]
[PlyCount "101"]
[EventDate "2021.??.??"]

{Partie du pion dame} 1. d4 d5 2. Bf4 Bf5 3. Nf3 Nf6 4. e3 e6 5. Nbd2 Be7 6. c4
c6 7. cxd5 cxd5 8. Bb5+ Nbd7 9. O-O Rc8 10. Ne5 O-O 11. Nxd7 Nxd7 12. Qa4 Nf6
13. Qb3 a6 14. Bd3 Bxd3 15. Qxd3 Qb6 16. Rab1 Rc6 17. Qb3 Qxb3 18. Nxb3 Rfc8
19. Na5 Rb6 20. a3 Ne4 21. Rbc1 Rxc1 22. Rxc1 Rxb2 23. Rc8+ Bf8 24. h3 Rxf2 25.
Nxb7 Rxf4 26. exf4 g6 27. Nc5 Kg7 28. Nxe4 dxe4 29. a4 e3 30. Kf1 a5 31. Ke2
Bb4 32. Kxe3 h6 33. g4 Kf6 34. Rb8 Bd6 35. Rb5 g5 36. fxg5+ hxg5 37. Rxa5 e5
38. d5 Ke7 39. Ra7+ Ke8 40. a5 Bc5+ 41. Ke4 Bxa7 42. Kxe5 Bb8+ 43. Kf6 Bc7 44.
a6 Bd8+ 45. Ke5 Bc7+ 46. Kf5 Bb8 47. Kxg5 Ke7 48. Kf5 Kd6 49. h4 Kxd5 50. h5
Kc5 51. h6 1-0

[Event "21e tournoi de Noël"]
[Site "Montigny le Bretonneux"]
[Date "2021.12.28"]
[Round "4.16"]
[White "Chaintreau, Maxime"]
[Black "Rosu, Andrei"]
[Result "1-0"]
[WhiteElo "1329"]
[BlackElo "1241"]
[Annotator "Rivier,Sylvain"]
[PlyCount "51"]
[EventDate "2021.??.??"]

{Gambit dame, défense slave} 1. d4 d5 2. c4 c6 3. Nc3 Nf6 4. Nf3 Bf5 5. Bf4 e6
6. a3 Nbd7 7. e3 Be7 8. Bd3 Bxd3 9. Qxd3 Qb6 10. b4 a5 11. c5 Qa6 12. Qxa6 Rxa6
13. O-O O-O 14. b5 cxb5 15. Nxb5 Ne4 16. Rfc1 Rc6 17. Rab1 b6 18. Na7 Rc7 19.
Bxc7 bxc5 20. Nc6 Bf6 21. dxc5 Rc8 22. Be5 Rxc6 23. Bxf6 Ndxf6 24. Rb8+ Rc8 25.
Rxc8+ Ne8 26. Rxe8# 1-0

[Event "21e tournoi de Noël"]
[Site "Montigny le Bretonneux"]
[Date "2021.12.28"]
[Round "4.17"]
[White "Gros, Arthur"]
[Black "Tanchoux, Pierre"]
[Result "0-1"]
[WhiteElo "1199"]
[BlackElo "1312"]
[Annotator "Rivier,Sylvain"]
[PlyCount "158"]
[EventDate "2021.??.??"]

{Ouverture anglaise, variante des quatre cavaliers, structure du dragon} 1. c4
e5 2. Nc3 Nf6 3. Nf3 Nc6 4. g3 d5 5. cxd5 Nxd5 6. Bg2 Nb6 7. O-O Be7 8. d3 O-O
9. h4 Re8 10. e4 Bf8 11. Ng5 h6 12. Nh3 Nd4 13. f4 c6 14. f5 f6 15. Nf2 Qd7 16.
Be3 c5 17. a4 Qf7 18. Bxd4 cxd4 19. Nb5 Rd8 20. Rc1 Bd6 21. Nxd6 Rxd6 22. a5
Nd7 23. Bf3 Qe7 24. Bh5 b6 25. b4 bxa5 26. Qb3+ Kf8 27. Qc4 Nb6 28. Qb3 axb4
29. Rc2 Bb7 30. Rfc1 Rc8 31. Rxc8+ Nxc8 32. Bg6 Rc6 33. Rxc6 Bxc6 34. Bh7 Ke8
35. Qg8+ Kd7 36. Qe6+ Qxe6 37. fxe6+ Ke7 38. Kf1 Nd6 39. Bf5 Bb7 40. Ke2 Bc8
41. Kd2 Bxe6 42. Bxe6 Kxe6 43. Kc2 a5 44. Kb3 Nb5 45. Nd1 Nc3 46. Nb2 Kd6 47.
Nc4+ Kc5 48. Nxa5 Nd1 49. Nb7+ Kb5 50. Nd6+ Kc6 51. Ne8 Nf2 52. Nxg7 Nxd3 53.
Kc4 Nc5 54. Kxb4 Nxe4 55. Nf5 h5 56. g4 hxg4 57. h5 Ng5 58. h6 Kd5 59. Ng3 Ke6
60. Ne4 Kf7 61. Nf2 f5 62. h7 Nxh7 63. Kc4 Ke6 64. Kd3 Ng5 65. Ke2 Kd5 66. Nd3
Nh3 67. Kf1 Nf4 68. Nf2 d3 69. Ke1 e4 70. Nh1 Ke5 71. Kd2 Nh3 72. Ng3 f4 73.
Nh5 g3 74. Nxg3 fxg3 75. Ke1 Kf4 76. Kf1 Kf3 77. Ke1 e3 78. Kf1 g2+ 79. Ke1
g1=Q# 0-1

[Event "21e tournoi de NoÃ«l"]
[Site "Montigny le Bretonneux"]
[Date "2021.12.28"]
[Round "4.18"]
[White "Couradin, Bruno"]
[Black "Chaintreau, Cedric"]
[Result "1-0"]
[WhiteElo "1454"]
[BlackElo "1092"]
[Annotator "Rivier,Sylvain"]
[PlyCount "132"]
[EventDate "2021.??.??"]

{Partie italienne} 1. e4 e5 2. Nf3 Nc6 3. Bc4 Bc5 4. Nc3 Nf6 5. d3 h6 6. O-O d6
7. h3 O-O 8. Qe2 a6 9. a3 b5 10. Ba2 Qe7 11. Be3 Bxe3 12. Qxe3 Be6 13. Bxe6
fxe6 14. Rad1 d5 15. exd5 exd5 16. Qe2 e4 17. dxe4 dxe4 18. Nd2 Nd4 19. Qe3
Nxc2 20. Qg3 Rae8 21. Rc1 Nd4 22. Rfe1 Nh5 23. Qe3 Rd8 24. Ncxe4 Nf4 25. Rcd1
c5 26. Rc1 b4 27. axb4 cxb4 28. Nb1 Nde2+ 29. Rxe2 Nxe2+ 30. Qxe2 Rde8 31. Re1
Qa7 32. Nbd2 a5 33. Qd3 Qb6 34. Nf3 Qc6 35. Nfd2 Rd8 36. Qb3+ Kh8 37. Nf3 Rde8
38. Nfd2 Rf4 39. f3 Qb6+ 40. Kf1 Qb5+ 41. Kf2 a4 42. Qc4 Qb6+ 43. Kf1 Rff8 44.
Ra1 Ra8 45. Nc5 Rfd8 46. Nde4 a3 47. bxa3 Rxa3 48. Rb1 Raa8 49. Rxb4 Ra1+ 50.
Kf2 Ra2+ 51. Kg3 Qg6+ 52. Kf4 Rda8 53. g4 Rf8+ 54. Kg3 h5 55. Nd7 Rfa8 56. Ne5
Qa6 57. Qxa6 R2xa6 58. Nd3 hxg4 59. hxg4 Ra3 60. Ndc5 Rf8 61. Nd7 Rc8 62. Ne5
Re8 63. Nf7+ Kg8 64. Ned6 Rf8 65. Nf5 g6 66. Nd4 Kg7 1-0

[Event "21e tournoi de Noël"]
[Site "Montigny le Bretonneux"]
[Date "2021.12.28"]
[Round "4.19"]
[White "Ries, Antoine"]
[Black "Rosu, Matei"]
[Result "1-0"]
[WhiteElo "1267"]
[BlackElo "1191"]
[Annotator "Rivier,Sylvain"]
[PlyCount "63"]
[EventDate "2021.??.??"]

{Partie du pion dame} 1. d4 d5 2. Nf3 Nc6 3. Bf4 Bf5 4. c3 Qd7 5. Nbd2 f6 6. e3
a6 7. Nb3 e6 8. Bd3 Bxd3 9. Qxd3 O-O-O 10. O-O-O Bd6 11. Bxd6 cxd6 12. Kb1 e5
13. Nfd2 e4 14. Qe2 g6 15. a3 f5 16. c4 dxc4 17. Nxc4 Qc7 18. Rc1 Kb8 19. Nca5
Nge7 20. Nxc6+ Nxc6 21. d5 Qb6 22. dxc6 Ka8 23. cxb7+ Qxb7 24. Na5 Qb6 25. Qd2
Rb8 26. Qd5+ Ka7 27. Nc6+ Ka8 28. Nxb8+ Kxb8 29. Rc6 Qb7 30. Rhc1 Rd8 31. R1c4
Re8 32. Rb4 1-0

[Event "21e tournoi de Noël"]
[Site "Montigny le Bretonneux"]
[Date "2021.12.29"]
[Round "5.1"]
[White "Breteau-Ribeiro, Charles"]
[Black "Ribiere, Damien"]
[Result "0-1"]
[WhiteElo "1199"]
[BlackElo "2030"]
[Annotator "Rivier,Sylvain"]
[PlyCount "124"]
[EventDate "2021.??.??"]

{Défense Pirc} 1. e4 d6 2. d4 Nf6 3. Nc3 g6 4. Be3 c6 5. Qd2 b5 6. Bd3 Nbd7 7.
Nf3 Nb6 8. d5 b4 9. Ne2 cxd5 10. Qxb4 Bg7 11. Bxb6 Qxb6 12. Qxb6 axb6 13. exd5
Nxd5 14. Be4 Ra5 15. O-O-O Nf6 16. Bc6+ Kd8 17. a4 Kc7 18. b4 Rh5 19. Bb5 Ne4
20. Rdf1 Bg4 21. Ng3 Bxf3 22. gxf3 Nxg3 23. fxg3 Bc3 24. Bc4 e6 25. b5 d5 26.
Bd3 Ra8 27. f4 Rxa4 28. Kd1 d4 29. Ke2 Rc5 30. g4 Ra8 31. g5 f5 32. Kf3 e5 33.
fxe5 Rxe5 34. h4 Rae8 35. h5 Be1 36. hxg6 hxg6 37. Rh7+ R8e7 38. Rfh1 Bd2 39.
Rxe7+ Rxe7 40. Rg1 Re3+ 41. Kg2 Re7 42. Kf3 Kd6 43. Rg2 Be1 44. Re2 Rxe2 45.
Kxe2 Bh4 46. Bc4 Ke7 47. Kd3 Bxg5 48. Kxd4 Bh4 49. Kd5 Kf6 50. Bd3 Bf2 51. c4
g5 52. Bf1 Bc5 53. Bh3 g4 54. Bf1 Kg5 55. Ke5 f4 56. Ke4 f3 57. Bd3 Kh4 58. Kf4
Bd6+ 59. Ke3 Kg3 60. Bf1 Bc5+ 61. Ke4 Kf2 62. Bd3 g3 0-1

[Event "21e tournoi de Noël"]
[Site "Montigny le Bretonneux"]
[Date "2021.12.29"]
[Round "5.2"]
[White "Joslin, Jerome"]
[Black "Sondermeijer, Damien"]
[Result "1-0"]
[WhiteElo "2048"]
[BlackElo "1714"]
[Annotator "Rivier,Sylvain"]
[PlyCount "69"]
[EventDate "2021.??.??"]

{Gambit dame, variante Meran} 1. d4 d5 2. c4 c6 3. e3 Nf6 4. Nc3 e6 5. Nf3 Nbd7
6. Bd3 dxc4 7. Bxc4 b5 8. Bd3 a6 9. e4 c5 10. d5 Nb6 11. O-O Be7 12. dxe6 Bxe6
13. Qe2 Qc7 14. Ng5 Bc4 15. Bxc4 Nxc4 16. a4 h6 17. Nf3 b4 18. Qxc4 bxc3 19. e5
Nh7 20. e6 O-O 21. exf7+ Rxf7 22. bxc3 Bf6 23. Bf4 Qc6 24. Be5 Kf8 25. Bxf6
gxf6 26. Nd4 Qd6 27. Ne6+ Kg8 28. Rfd1 Qe7 29. Re1 Re8 30. Re3 Qd6 31. Rae1
Ree7 32. Ng5 Nxg5 33. Rxe7 Kf8 34. Re8+ Kg7 35. h4 1-0

[Event "21e tournoi de Noël"]
[Site "Montigny le Bretonneux"]
[Date "2021.12.29"]
[Round "5.3"]
[White "Faris, Marouane"]
[Black "Divies, Renaud"]
[Result "1-0"]
[WhiteElo "1662"]
[BlackElo "1954"]
[Annotator "Rivier,Sylvain"]
[PlyCount "57"]
[EventDate "2021.??.??"]

{Début Réti} 1. e4 c5 2. Nf3 e6 3. d3 Nc6 4. g3 g6 5. Bg2 Bg7 6. O-O Nge7 7.
Nbd2 O-O 8. Re1 d6 9. c3 b5 10. Nf1 d5 11. e5 d4 12. c4 bxc4 13. dxc4 Qc7 14.
Bf4 h6 15. h4 Rb8 16. Qd2 Kh7 17. N1h2 Qb6 18. Rab1 Qb4 19. Qc1 Qa4 20. Ng4 h5
21. Nf6+ Kh8 22. Bh6 Nf5 23. Bxg7+ Kxg7 24. Qg5 Rh8 25. Ne4 Qxc4 26. Qf6+ Kg8
27. Nfg5 Rb7 28. Nd6 Nxd6 29. Bxc6 1-0

[Event "21e tournoi de Noël"]
[Site "Montigny le Bretonneux"]
[Date "2021.12.29"]
[Round "5.4"]
[White "Delmas-Goyon, Francois"]
[Black "Chaintreau, Thomas"]
[Result "0-1"]
[WhiteElo "1877"]
[BlackElo "1665"]
[Annotator "Rivier,Sylvain"]
[PlyCount "92"]
[EventDate "2021.??.??"]

{Défense sicilienne, variante hongroise} 1. e4 c5 2. Nf3 d6 3. d4 Nf6 4. Bb5+
Bd7 5. Bxd7+ Qxd7 6. Qe2 cxd4 7. Nxd4 Nc6 8. c3 g6 9. O-O Bg7 10. Bg5 O-O 11.
Nd2 h6 12. Bh4 Nh5 13. N2b3 Nf4 14. Qe3 g5 15. Bg3 Nxd4 16. Nxd4 Bxd4 17. cxd4
e5 18. Bxf4 gxf4 19. Qb3 Rac8 20. Rfd1 Qc6 21. dxe5 dxe5 22. f3 Qc5+ 23. Kf1
Rfd8 24. Rd5 Rxd5 25. exd5 Qc4+ 26. Qxc4 Rxc4 27. Rd1 Kf8 28. d6 Ke8 29. d7+
Kd8 30. Ke2 Rc2+ 31. Rd2 Rxd2+ 32. Kxd2 Kxd7 33. Kd3 Ke6 34. a4 Kd5 35. b4 a6
36. g4 fxg3 37. hxg3 b5 38. axb5 axb5 39. g4 f6 40. Kc3 e4 41. f4 e3 42. Kd3 e2
43. Kxe2 Ke4 44. g5 hxg5 45. fxg5 fxg5 46. Kf2 Kd4 0-1

[Event "21e tournoi de Noël"]
[Site "Montigny le Bretonneux"]
[Date "2021.12.29"]
[Round "5.5"]
[White "Vadillo Torre, Ismael"]
[Black "Mahe, Romain"]
[Result "1/2-1/2"]
[WhiteElo "1578"]
[BlackElo "1971"]
[Annotator "Rivier,Sylvain"]
[PlyCount "49"]
[EventDate "2021.??.??"]

{Partie du pion dame} 1. d4 d5 2. Nf3 Bf5 3. e3 e6 4. h3 Nf6 5. Bd3 Bxd3 6.
cxd3 c6 7. O-O Be7 8. Nc3 O-O 9. Re1 Nbd7 10. e4 dxe4 11. dxe4 Nb6 12. Bf4 a6
13. a4 h6 14. Qc2 Bb4 15. a5 Nbd7 16. Qa4 Qe7 17. g4 c5 18. dxc5 Bxc3 19. Bd6
Qd8 20. bxc3 Re8 21. Qb4 Qc8 22. Nd4 g6 23. Nf3 Qc6 24. Nd4 Qc8 25. Nf3 1/2-1/2

[Event "21e tournoi de Noël"]
[Site "Montigny le Bretonneux"]
[Date "2021.12.29"]
[Round "5.6"]
[White "Marival, Fred"]
[Black "Goujon, Antoine"]
[Result "1/2-1/2"]
[WhiteElo "1425"]
[BlackElo "1775"]
[Annotator "Rivier,Sylvain"]
[PlyCount "66"]
[EventDate "2021.??.??"]

{Défense sicilienne, fianchette accéléré} 1. e4 c5 2. Nf3 g6 3. d4 cxd4 4. Nxd4
Nc6 5. Be3 Nf6 6. Nc3 Bg7 7. f3 O-O 8. Qd2 d5 9. O-O-O dxe4 10. Nxe4 Nxe4 11.
fxe4 Bg4 12. Be2 Bxe2 13. Nxe2 Qc7 14. Bh6 Rfc8 15. Bxg7 Kxg7 16. g3 a5 17.
Rhf1 e5 18. Qd7 Ne7 19. Rd2 Rab8 20. Rfd1 b5 21. Qxc7 Rxc7 22. Rd7 Rbc8 23.
Rxc7 Rxc7 24. Nc3 Rb7 25. a4 bxa4 26. Nxa4 Rb4 27. Nc3 Rc4 28. Rd7 Kf6 29. h4
Ke6 30. Rd8 h5 31. Ra8 Rc5 32. Na4 Rb5 33. Nc3 Rc5 1/2-1/2

[Event "21e tournoi de Noël"]
[Site "Montigny le Bretonneux"]
[Date "2021.12.29"]
[Round "5.7"]
[White "Barthere, Gilles"]
[Black "Weens, William"]
[Result "0-1"]
[WhiteElo "1350"]
[BlackElo "1697"]
[Annotator "Rivier,Sylvain"]
[PlyCount "148"]
[EventDate "2021.??.??"]

{Défense sicilienne, variante Najdorf} 1. e4 c5 2. Nf3 d6 3. d4 cxd4 4. Nxd4
Nf6 5. Nc3 a6 6. Bg5 e6 7. f4 Be7 8. Qf3 Qc7 9. O-O-O Nbd7 10. g4 b5 11. Bg2
Bb7 12. Qe2 b4 13. Na4 Rc8 14. Bxf6 Bxf6 15. g5 Be7 16. Rd2 g6 17. Nf3 d5 18.
e5 O-O 19. Nd4 Nxe5 20. Qxe5 Qxe5 21. fxe5 Bxg5 22. h4 Bxd2+ 23. Kxd2 Rc4 24.
Kd3 a5 25. Bf3 Ba6 26. Ke3 Rc7 27. Rg1 h6 28. h5 g5 29. b3 Rb8 30. Be2 Bxe2 31.
Kxe2 f5 32. Kf3 Kf7 33. Kg3 Ke7 34. Rg2 g4 35. Rf2 Rg8 36. Rg2 Rcc8 37. Kh4 Kd7
38. Nb6+ Ke7 39. Nxc8+ Rxc8 40. Rd2 Rc3 41. Rd3 Rc8 42. Rg3 Kd7 43. Rg2 Rc3 44.
Rg3 Rc8 45. Rd3 Rg8 46. Rg3 Ra8 47. c4 bxc3 48. Rxc3 Rb8 49. a3 Rg8 50. Rc6 g3
51. Rd6+ Kc8 52. Rc6+ Kb7 53. Rc1 Rg4+ 54. Kh3 Rxd4 55. Kxg3 Rd3+ 56. Kf2 Rxb3
57. Rg1 Rxa3 58. Rg6 Rh3 59. Rxh6 a4 60. Rh7+ Kb6 61. Rh6 a3 62. Rxe6+ Kb5 63.
Rd6 Kc4 64. Ra6 Kb3 65. e6 Rxh5 66. e7 Rh8 67. Rb6+ Kc4 68. Ra6 Kb4 69. Rb6+
Kc5 70. Re6 Re8 71. Re2 d4 72. Re5+ Kc4 73. Rxf5 Rxe7 74. Ra5 Re3 0-1

[Event "21e tournoi de Noël"]
[Site "Montigny le Bretonneux"]
[Date "2021.12.29"]
[Round "5.8"]
[White "Artieres, Michel"]
[Black "Flagiello, Francesco"]
[Result "1/2-1/2"]
[WhiteElo "1681"]
[BlackElo "1633"]
[Annotator "Rivier,Sylvain"]
[PlyCount "43"]
[EventDate "2021.??.??"]

{Défense russe, variante moderne} 1. e4 e5 2. Nf3 Nf6 3. d4 Nxe4 4. Bd3 d5 5.
Nxe5 Bd6 6. O-O O-O 7. c4 c6 8. Nc3 Nxc3 9. bxc3 Nd7 10. f4 Nf6 11. Qe2 Re8 12.
Qf3 dxc4 13. Bxc4 Be6 14. Bxe6 fxe6 15. Rb1 Qc7 16. Bd2 Bxe5 17. fxe5 Nd5 18.
c4 Nb6 19. Qb3 c5 20. dxc5 Qxc5+ 21. Be3 Qxc4 22. Bxb6 1/2-1/2

[Event "21e tournoi de Noël"]
[Site "Montigny le Bretonneux"]
[Date "2021.12.29"]
[Round "5.9"]
[White "Imbert, Christophe"]
[Black "Gheorghin, Felix"]
[Result "1/2-1/2"]
[WhiteElo "1880"]
[BlackElo "1469"]
[Annotator "Rivier,Sylvain"]
[PlyCount "63"]
[EventDate "2021.??.??"]

{Défense sicilienne, variante Najdorf} 1. e4 c5 2. Nf3 d6 3. d4 cxd4 4. Nxd4
Nf6 5. Nc3 a6 6. Bg5 e6 7. f4 Be7 8. Qf3 Qc7 9. O-O-O Nbd7 10. g4 O-O 11. Bh4
b5 12. g5 Ne8 13. g6 Bxh4 14. gxf7+ Rxf7 15. Nxe6 Qa7 16. Bh3 Nc5 17. Nd4 Bf6
18. Nf5 Bxc3 19. bxc3 Qc7 20. Rhg1 Bxf5 21. Bxf5 Rd8 22. Qh3 g6 23. Qh6 Rg7 24.
Bh3 Nxe4 25. Be6+ Kf8 26. f5 Qxc3 27. Kb1 gxf5 28. Rgf1 Ke7 29. Bxf5 Qb4+ 30.
Ka1 Qc3+ 31. Kb1 Qb4+ 32. Ka1 1/2-1/2

[Event "21e tournoi de Noël"]
[Site "Montigny le Bretonneux"]
[Date "2021.12.29"]
[Round "5.10"]
[White "Kunne, Ronald"]
[Black "Aidan, David"]
[Result "1-0"]
[WhiteElo "1531"]
[BlackElo "1302"]
[Annotator "Rivier,Sylvain"]
[PlyCount "67"]
[EventDate "2021.??.??"]

{Défense Petroff} 1. e4 e5 2. Nf3 Nf6 3. Nxe5 d6 4. Nf3 Nxe4 5. Nc3 Nxc3 6.
dxc3 Nc6 7. Be3 Be7 8. Qd2 Bf5 9. O-O-O Qc8 10. h3 Qe6 11. Kb1 O-O-O 12. Nd4
Nxd4 13. Qxd4 c5 14. Qa4 Kb8 15. Bc4 Qg6 16. Qb3 Qxg2 17. Bd5 Bxc2+ 18. Kxc2
Qg6+ 19. Kc1 b6 20. Rhg1 Qf5 21. Rxg7 Qxh3 22. Rxf7 Qd7 23. Be6 Qc7 24. Qd5
Rde8 25. Rg1 h5 26. Rgg7 h4 27. Bh3 Rhg8 28. Bg2 Kc8 29. Bh3+ Kb8 30. Bg2 Kc8
31. Qa8+ Qb8 32. Qc6+ Kd8 33. Bh3 Qc7 34. Qa8+ 1-0

[Event "21e tournoi de Noël"]
[Site "Montigny le Bretonneux"]
[Date "2021.12.29"]
[Round "5.11"]
[White "Tanchoux, Pierre"]
[Black "Sanchez-Narboni, Quentin"]
[Result "0-1"]
[WhiteElo "1312"]
[BlackElo "1514"]
[Annotator "Rivier,Sylvain"]
[PlyCount "78"]
[EventDate "2021.??.??"]

{Partie du pion dame} 1. d4 e6 2. Nf3 d5 3. e3 c5 4. b3 Nc6 5. Bb2 Nf6 6. Nbd2
Bd6 7. Bd3 Qb6 8. Qc1 Bd7 9. O-O O-O 10. dxc5 Qxc5 11. Bxf6 gxf6 12. a3 Ne5 13.
Rb1 Nxd3 14. cxd3 Qxa3 15. Ra1 Qb4 16. d4 Bc6 17. Nh4 Kh8 18. f4 Rg8 19. Rf3
Rg4 20. Qe1 Rag8 21. Rd1 a5 22. h3 R4g7 23. g4 a4 24. bxa4 Qxa4 25. Kh2 b5 26.
Qe2 b4 27. Rg1 Bb5 28. Qf2 Bd3 29. Rfg3 b3 30. Nxb3 Qxb3 31. g5 fxg5 32. Rxg5
Rxg5 33. Rg4 Rxg4 34. hxg4 Qc2 35. Qxc2 Bxc2 36. Kh3 Be4 37. g5 Bb4 38. Ng2
Bxg2+ 39. Kxg2 h6 0-1

[Event "21e tournoi de Noël"]
[Site "Montigny le Bretonneux"]
[Date "2021.12.29"]
[Round "5.12"]
[White "Rosu, Alexandru"]
[Black "Longbien, Dominique"]
[Result "1-0"]
[WhiteElo "1245"]
[BlackElo "1417"]
[Annotator "Rivier,Sylvain"]
[PlyCount "75"]
[EventDate "2021.??.??"]

{Défense Caro-Kann, variante d'échange} 1. e4 c6 2. d4 d5 3. exd5 cxd5 4. Nf3
Nc6 5. Be2 e6 6. O-O Be7 7. Be3 Nf6 8. c4 O-O 9. Nc3 Na5 10. c5 Nc6 11. a3 a6
12. b4 b6 13. Rb1 Qc7 14. b5 axb5 15. cxb6 Qxb6 16. Rxb5 Qc7 17. a4 Ba6 18. Rb1
Bxe2 19. Qxe2 Na5 20. Rfc1 Nc4 21. Nd2 Nxd2 22. Nxd5 Qd8 23. Nxe7+ Qxe7 24.
Bxd2 Rxa4 25. Qb5 Qa7 26. Bb4 Ra8 27. Qc4 h6 28. Qc5 Qd7 29. Qc3 Nd5 30. Qf3
Rb8 31. Bc5 Rxb1 32. Rxb1 Qc7 33. Qb3 Qc6 34. Qb8+ Kh7 35. Qg3 Qa6 36. Bf8 g6
37. h4 h5 38. Qg5 1-0

[Event "21e tournoi de Noël"]
[Site "Montigny le Bretonneux"]
[Date "2021.12.29"]
[Round "5.15"]
[White "Sondermeijer, Antoine"]
[Black "Plancade, Philajit"]
[Result "1/2-1/2"]
[WhiteElo "1485"]
[BlackElo "1273"]
[Annotator "Rivier,Sylvain"]
[PlyCount "30"]
[EventDate "2021.??.??"]

{Partie italienne, guiocco piano} 1. e4 e5 2. Bc4 Nc6 3. Nf3 Bc5 4. c3 Nf6 5.
d3 a5 6. O-O O-O 7. a4 d5 8. exd5 Nxd5 9. h3 h6 10. Nbd2 Nf6 11. Ne4 Bb6 12.
Bb3 Bf5 13. Bc2 Nxe4 14. dxe4 Bg6 15. Qe2 Qe7 1/2-1/2

[Event "21e tournoi de Noël"]
[Site "Montigny le Bretonneux"]
[Date "2021.12.29"]
[Round "5.16"]
[White "Payot, Guillaume"]
[Black "Bauchaire, Isaac"]
[Result "1-0"]
[WhiteElo "1286"]
[BlackElo "1109"]
[Annotator "Rivier,Sylvain"]
[PlyCount "75"]
[EventDate "2021.??.??"]

{Gambit dame, défense slave} 1. d4 d5 2. c4 c6 3. Nc3 Nf6 4. Nf3 Bf5 5. cxd5
Nxd5 6. Qb3 Nb6 7. e4 Be6 8. Qc2 N8d7 9. Bd3 g6 10. O-O Bg7 11. Bf4 c5 12. d5
Bg4 13. Nd2 Ne5 14. Be3 c4 15. Be2 Bxe2 16. Nxe2 Rc8 17. Bd4 O-O 18. f4 Ng4 19.
Bxg7 Kxg7 20. Qc3+ Nf6 21. Nd4 Na4 22. Qa3 b5 23. Nc6 Rxc6 24. dxc6 Qxd2 25.
Qxe7 Rc8 26. Qxa7 Nxe4 27. Rad1 Qb4 28. Rd5 Rxc6 29. Rfd1 Rd6 30. Rxd6 Nxd6 31.
Qd4+ Kg8 32. Qxd6 Qxd6 33. Rxd6 Nxb2 34. Kf1 c3 35. Rc6 Nc4 36. Rxc4 bxc4 37.
Ke1 f6 38. a4 1-0

[Event "21e tournoi de Noël"]
[Site "Montigny le Bretonneux"]
[Date "2021.12.29"]
[Round "5.17"]
[White "Ries, Antoine"]
[Black "Gros, Arthur"]
[Result "1-0"]
[WhiteElo "1267"]
[BlackElo "1199"]
[Annotator "Rivier,Sylvain"]
[PlyCount "149"]
[EventDate "2021.??.??"]

{Partie du pion dame} 1. d4 d5 2. Nf3 Nf6 3. Bf4 Nc6 4. c3 Bf5 5. Nbd2 e6 6. e3
Bd6 7. Bxd6 Qxd6 8. Nh4 Bg6 9. Nb3 Nd7 10. Bd3 O-O-O 11. Nxg6 hxg6 12. h3 f5
13. Qd2 a5 14. a4 g5 15. O-O-O f4 16. Bb5 e5 17. c4 fxe3 18. fxe3 dxc4 19. Bxc4
exd4 20. exd4 Nb6 21. Bb5 Rh4 22. Qxg5 Qf4+ 23. Qxf4 Rxf4 24. Bxc6 bxc6 25.
Nxa5 c5 26. dxc5 Nxa4 27. Rxd8+ Kxd8 28. Rd1+ Kc8 29. c6 Rf2 30. Nb7 Kb8 31.
Rd2 Rf1+ 32. Kc2 Ka7 33. Kb3 Nb6 34. Rd7 Na8 35. Rxg7 Kb6 36. Rg6 Rc1 37. Nd8
Rd1 38. Nf7 Rf1 39. Ne5 Re1 40. Nf3 Rc1 41. h4 Kc5 42. h5 Rh1 43. h6 Nb6 44. g3
Nd5 45. Nh4 Ne7 46. Rg7 Re1 47. h7 Re3+ 48. Ka2 Kc4 49. Rg4+ Kd3 50. h8=Q Kc2
51. Qc3+ Rxc3 52. bxc3 Nxc6 53. Rc4 Ne5 54. Rxc7 Nd3 55. g4 Nf4 56. Rf7 Nd5 57.
Rf2+ Kxc3 58. Rf3+ Kd4 59. g5 Ke5 60. g6 Ne7 61. g7 Ke4 62. Rf1 Ng8 63. Rf8 Nh6
64. g8=Q Nxg8 65. Rxg8 Ke5 66. Kb3 Kf6 67. Kc4 Kf7 68. Rg6 Kf8 69. Kd5 Kf7 70.
Ke5 Ke7 71. Rg7+ Kd8 72. Ke6 Kc8 73. Kd6 Kb8 74. Kc6 Ka8 75. Kb6 1-0

[Event "21e tournoi de Noël"]
[Site "Montigny le Bretonneux"]
[Date "2021.12.29"]
[Round "5.18"]
[White "Rosu, Andrei"]
[Black "Bauchaire, Gerard"]
[Result "1-0"]
[WhiteElo "1241"]
[BlackElo "1248"]
[Annotator "Rivier,Sylvain"]
[PlyCount "73"]
[EventDate "2021.??.??"]

{Partie italienne} 1. e4 e5 2. Nf3 Nc6 3. Bc4 Bc5 4. Nc3 Nf6 5. d3 d6 6. Bg5
O-O 7. Nd5 a6 8. Nxf6+ gxf6 9. Bh6 Re8 10. Nh4 Kh8 11. Bxf7 Ne7 12. Bxe8 Qxe8
13. Qf3 Qf7 14. Bg5 f5 15. Bxe7 Qxe7 16. Nxf5 Bxf5 17. exf5 Rf8 18. g4 c6 19.
h4 d5 20. O-O-O e4 21. dxe4 dxe4 22. Qf4 e3 23. Rde1 Re8 24. f6 Qe6 25. Qh6 Bf8
26. Qxe3 Qxe3+ 27. Rxe3 Rd8 28. Rhe1 Kg8 29. Re8 Rxe8 30. Rxe8 Kf7 31. Rxf8+
Kxf8 32. g5 Kf7 33. Kd2 Kg6 34. Ke2 h6 35. f4 hxg5 36. fxg5 Kf5 37. f7 1-0

[Event "21e tournoi de Noël"]
[Site "Montigny le Bretonneux"]
[Date "2021.12.29"]
[Round "5.19"]
[White "Rosu, Matei"]
[Black "Dufraisse, Matteo"]
[Result "0-1"]
[WhiteElo "1191"]
[BlackElo "1280"]
[Annotator "Rivier,Sylvain"]
[PlyCount "86"]
[EventDate "2021.??.??"]

{Défense Petroff} 1. e4 e5 2. Nf3 Nf6 3. Nxe5 d6 4. Nf3 Nxe4 5. Qe2 Qe7 6. d3
Nf6 7. Bg5 Qxe2+ 8. Bxe2 Be7 9. O-O O-O 10. Re1 Nc6 11. c3 Bg4 12. d4 d5 13. h3
Bf5 14. Bb5 Ne4 15. Bxe7 Nxe7 16. Nh4 Be6 17. Nf3 Ng6 18. Nbd2 Nxd2 19. Nxd2
Bf5 20. Nf1 c6 21. Ba4 Rfe8 22. Rxe8+ Rxe8 23. Ne3 Be4 24. Re1 Nf4 25. Nxd5
Nxd5 26. f3 f5 27. fxe4 fxe4 28. Bb3 Kf7 29. c4 Nf6 30. d5 cxd5 31. cxd5 Ke7
32. Rc1 Kd6 33. Rd1 Re5 34. Kf2 Nxd5 35. Bxd5 Rxd5 36. Rxd5+ Kxd5 37. Ke3 g5
38. g4 b5 39. b3 b4 40. Ke2 Kd4 41. Kd2 e3+ 42. Ke2 Ke4 43. Ke1 Kf3 0-1

[Event "21e tournoi de NoÃ«l"]
[Site "Montigny le Bretonneux"]
[Date "2021.12.29"]
[Round "6.1"]
[White "Ribiere, Damien"]
[Black "Faris, Marouane"]
[Result "1-0"]
[WhiteElo "2030"]
[BlackElo "1662"]
[Annotator "Rivier,Sylvain"]
[PlyCount "99"]
[EventDate "2021.??.??"]

{DÃ©fense sicilienne} 1. e4 c5 2. a3 g6 3. Nc3 Nc6 4. Bc4 Bg7 5. Ba2 Nf6 6. d3
O-O 7. Nge2 e5 8. O-O d6 9. f4 Be6 10. fxe5 Nxe5 11. Bg5 Bxa2 12. Rxa2 h6 13.
Bh4 g5 14. Bg3 Qd7 15. Bxe5 dxe5 16. Ng3 Rad8 17. Ra1 Qe6 18. Qe2 Ne8 19. Rf2
Nd6 20. Raf1 c4 21. Nf5 cxd3 22. cxd3 Nxf5 23. exf5 Qb6 24. Kh1 f6 25. Rf3 Rd4
26. Rh3 Rfd8 27. Ne4 a5 28. Nf2 Rf4 29. Rf3 Rxf3 30. gxf3 Qd4 31. Rd1 a4 32.
Kg2 b5 33. Qc2 Bf8 34. Qc6 Rd6 35. Qxb5 Rb6 36. Qc4+ Qxc4 37. dxc4 Rxb2 38. Kg3
Bxa3 39. Rd7 Bb4 40. Ne4 a3 41. Nxf6+ Kf8 42. Nh7+ Ke8 43. Nf6+ Kf8 44. Ra7 a2
45. Ne4 Be1+ 46. Kg4 Rxh2 47. f6 Bf2 48. Rxa2 Bg1 49. Ra8+ Kf7 50. Kf5 1-0